00319nam a22000977a 450000500170000010000640001724500620008126000270014330000090017070000420017920260629114920.0 aKomal Umrania19-MSIT-11aSupervisor - Dr . Rafia Naz Memon aThe Effect of Refactoring on Software Quality (Thesis MS) aNawabshahbQUESTc2024 a76p. aDepartment of Information Technology